Normal view
MARC view
Entry Nombre personal
001 - NÚMERO DE CONTROL
- campo de control: 1122
003 - IDENTIFICADOR DE NÚMERO DE CONTROL
- campo de control: DLC
005 - FECHA Y HORA DE LA ÚLTIMA TRANSACCIÓN
- campo de control: 20260425084247.0
008 - ELEMENTOS DE DATO DE LONGITUD-FIJA
- campo de control de longitud fija: 201102n| azannaabn |n aaa c
010 ## - NÚMERO DE CONTROL DE LA BIBLIOTECA DEL CONGRESO
- Número de control de LC: no2020127426
035 ## - NÚMERO DE CONTROL DEL SISTEMA
- Número de control de sistema: (OCoLC)oca13299435
040 ## - FUENTE DE CATALOGACIÓN
- Centro catalogador/agencia de origen: IEN
- Lengua de catalogación: eng
- Normas de descripción: rda
- Centro/agencia transcriptor: IEN
100 1# - ENCABEZAMIENTO-NOMBRE DE PERSONA
- Nombre de persona: Schulberg, Lucille
372 ## - CAMPO DE ACTIVIDAD
- Campo de actividad: India
- Fuente del término: lcsh
670 ## - FUENTE DE DATOS ENCONTRADOS
- Cita de la fuente: Historic India, 1968:
- Información encontrada: title page (Lucille Schulberg)